Normal view
MARC view
- AASHTO
Entry Personal Name
001 - CONTROL NUMBER
- control field: 20002
003 - CONTROL NUMBER IDENTIFIER
- control field: NUST
005 - DATE AND TIME OF LATEST TRANSACTION
- control field: 20190905103606.0
008 - FIXED-LENGTH DATA ELEMENTS
- fixed length control field: 190905|| aca||aabn | a|a d
040 ## - CATALOGING SOURCE
- Original cataloging agency: NUST
- Transcribing agency: NUST
100 ## - HEADING--PERSONAL NAME
- Personal name: AASHTO
670 ## - SOURCE DATA FOUND
- Source citation: Work cat.: (NUST)0: AASHTO, A Guide for methods and procedures in contract maintenance , c1914.
